Pompeii. It life and art. By August Mau, German Archaeological Institute in Rome. Translated into English by Francis W. Kelsey. With numerous illustrations from original drawings and photographs
Uloženo v:
| Hlavní autor: | |
|---|---|
| Médium: | Kniha |
| Jazyk: | angličtina |
| Vydáno: |
Nueva York
Macmillan Co.
1899
|
| Vydání: | 1a. ed |
| Témata: | |
| Tagy: |
Přidat tag
Žádné tagy, Buďte první, kdo vytvoří štítek k tomuto záznamu!
|
MARC
| LEADER | 00000nam a2200000 a 4500 | ||
|---|---|---|---|
| 001 | UCJ7429 | ||
| 003 | CL-VaPUC | ||
| 008 | 070124e18990000US |||||||||||||||||eng|d | ||
| 082 | 0 | 4 | |a 937 |b MAU |2 21 |
| 100 | |a Mau, August |e autor |9 515816 | ||
| 245 | 1 | 0 | |a Pompeii. It life and art. By August Mau, German Archaeological Institute in Rome. Translated into English by Francis W. Kelsey. With numerous illustrations from original drawings and photographs |
| 250 | |a 1a. ed | ||
| 300 | |a xxii, 509 p | ||
| 942 | |c BK | ||
| 945 | |d 20070124 00:00:00 |a rinostro | ||
| 260 | |a Nueva York |b Macmillan Co. |c 1899 | ||
| 500 | |a Ilustraciones conforme a lo señalado en índice.- Ex libris de Henry Partridge | ||
| 600 | 0 | 7 | |a PARTRIDGE, HENRY |2 CL-VaPUC |9 515817 |
| 650 | 0 | |a Arqueología |9 265619 | |
| 650 | 0 | |a Arquitectura |9 804558 | |
| 650 | 0 | |a Cultura |9 269059 | |
| 650 | 0 | |a Escultura |9 265737 | |
| 650 | 0 | |a Pintura |9 265046 | |
| 650 | 0 | |a Ilustraciones |9 369481 | |
| 650 | 7 | |a EX LIBRIS |2 CL-VaPUC |9 505186 | |
| 583 | |a last modification |c 20070124 00:00:00 |k Rodrigo Vera | ||
| 999 | |c 323514 |d 323512 | ||
| 952 | |0 0 |1 0 |4 0 |6 937_000000000000000_MAU_1899 |7 0 |8 X |9 403187 |a FDOBUD |b FDOBUD |d 2019-11-22 |i 1063642 |o 937 MAU 1899 |p 1063642 |r 2019-11-22 |w 2019-11-22 |y BK_X |k BUD | ||